| 000 | 01152aam a2200313 i 4500 | ||
|---|---|---|---|
| 001 | 60043 | ||
| 005 | 20260225230959.0 | ||
| 008 | 150803s2024 ck a gr 000 1dspa d | ||
| 020 | _a9786287579576 | ||
| 040 |
_aCO-BoUNC _bspa _erda _cCO-BoUNC |
||
| 082 | 0 | 4 |
_aCo863.861 _bM539e _223 |
| 084 | _aN MEN1e | ||
| 100 | 1 |
_aMendoza, Mario _d1964- _eautor _965101 |
|
| 245 | 1 | 0 |
_aEl mensajero de agartha 3: _bMi extraño viaje al mundo de Shambala / _cMario Mendoza ; ilustraciones, Book and play studio. |
| 250 | _aPrimera edición | ||
| 264 | 1 |
_aBogotá : _bEditorial Planeta Colombiana _bDestino, _c2024. |
|
| 300 |
_a189 páginas : _bilustraciones ; _c21 cm. |
||
| 336 |
_atexto _btxt _2rdacontenido |
||
| 337 |
_ano mediado _bn _2rdamedio |
||
| 338 |
_avolumen _bnc _2rda soporte |
||
| 490 | 1 |
_aEl mensajero de Agartha _v3 |
|
| 500 | _aIncluye datos biográficos del autor en la solapa del libro | ||
| 650 | 1 | 7 |
_aNovela colombiana _ySiglo XXI _2LEMB _91602 |
| 650 | 1 | 7 |
_aLiteratura colombiana _ySiglo XXI _2LEMB _965 |
| 650 | 1 | 7 |
_aFantasía _2LEMB _912208 |
| 650 | 1 | 7 |
_aFicción literatura _2LEMB _967620 |
| 710 | 2 |
_aBook and play studio _967621 |
|
| 942 | _cBK | ||
| 999 |
_c60043 _d60043 |
||